000 00634nam a2200229Ia 4500
001 15625
003 GE_BSU
008 181216s||||||||xx |||||||||||||| ||und||
040 _cGE_BSU
080 _a821.161.1-31
100 _aგორკი, მაქსიმ
245 _aდედა
245 _bრომანი
245 _cთარგმ. მ. ლორთქიფანიძემ
260 _aთბილისი
260 _bსაბლიტგამი
260 _c1954
300 _a401გვ. : 1ფ. ილ. ; 21სმ
653 _aდედა
653 _aრომანი
942 _cBK
999 _c48725
_d48725